Social and community development practice / (Record no. 88274)

MARC details
000 -LEADER
fixed length control field 00737nam a22002297a 4500
005 - DATE AND TIME OF LATEST TRANSACTION
control field 20140904114343.0
010 ## - LCCN (DPL NO)
LC control number ENG-110722
020 ## - INTERNATIONAL STANDARD BOOK NUMBER
International Standard Book Number 9788132118459
Terms of availability 995.00
035 ## - SYSTEM CONTROL NUMBER
System control number EN-94254
037 ## - SOURCE OF ACQUISITION
Source of stock number/acquisition DBAD/PUB
082 ## - DEWEY DECIMAL CLASSIFICATION NUMBER
Classification number 361.61
100 ## - MAIN ENTRY--PERSONAL NAME
Personal name Pawar, Manohar
245 ## - TITLE STATEMENT
Title Social and community development practice /
Statement of responsibility, etc by Manohar Pawar
260 ## - PUBLICATION, DISTRIBUTION, ETC. (IMPRINT)
Place of publication, distribution, etc New Delhi
Name of publisher, distributor, etc Sage Publications
Date of publication, distribution, etc 2014
270 ## - ADDRESS
Address B1/ I-1 Mohan Cooperative Industrial Area,Mathura Road
City New Delhi
Postal code 110044
300 ## - PHYSICAL DESCRIPTION
Extent xxi,293p.
Dimensions 23cm(Hb)
500 ## - GENERAL NOTE
General note Includes bibliographical references and index.
650 ## - SUBJECT ADDED ENTRY--TOPICAL TERM
Topical term or geographic name as entry element Social service.
650 ## - SUBJECT ADDED ENTRY--TOPICAL TERM
Topical term or geographic name as entry element Social planning.
650 ## - SUBJECT ADDED ENTRY--TOPICAL TERM
Topical term or geographic name as entry element Community development.
942 ## - ADDED ENTRY ELEMENTS (KOHA)
Source of classification or shelving scheme Dewey Decimal Classification
Item type English Books
Classification part 361.61
Call number suffix PAW
Holdings
Withdrawn status Lost status Not for loan Collection code Home library Current library Date acquired Source of acquisition Cost, normal purchase price Full call number Barcode Copy number Cost, replacement price Koha item type
    Not For Loan Non-fiction D.B.Act.Division D.B.Act.Division 03/09/2014 DBAD/PUB 995.00 361.61 PAW EN-94254 1 995.00 English Books

© Delhi Public Library
Hit Counter
free hit counter